Generovanie a snímanie ultrazvukových impulzov pre meranie priestorových súradníc : Kand.diz.práca : V.odb. 26-16-9 /

Salvato in:
Dettagli Bibliografici
Autore principale: Toman, Miroslav, 1947- (Autore)
Altri autori: Kočiš, Štefan (Relatore della tesi)
Natura: Manoscritto Libro
Pubblicazione: Bratislava : SVŠT v Bratislave EF, 1990
Soggetti:
Tags: Aggiungi Tag
Nessun Tag, puoi essere il primo ad aggiungerne!!

MARC

LEADER 00000ntm a22000003a 4500
001 stu4305
005 20150617225810.4
008 ------s1990----------------------------d
040 |a STU  |b slo 
041 0
100 1 |a Toman, Miroslav,  |d 1947-  |4 aut  |u E1110  |U FEI Ústav robotiky a kybernetiky  |T FEI Automatizácia a regulácia  |X 4929  |U E1110  |Y 57  |7 A000004929 
245 1 |a Generovanie a snímanie ultrazvukových impulzov pre meranie priestorových súradníc :  |b Kand.diz.práca : V.odb. 26-16-9 /  |c [aut.] Toman,Miroslav, Ing.; Škol. Kočiš,řtefan 
260 |a Bratislava :  |b SVŠT v Bratislave EF,  |c 1990 
300 |a 136 s :  |b príl 
650 7 |a generovanie ultrazvukových vĺn  |2 stusub 
650 7 |a snímanie ultrazvukových vĺn  |2 stusub 
650 7 |a elektroakustické meniče  |2 stusub 
650 7 |a piezoelektrické meniče  |2 stusub 
650 7 |a elektroatatické meniče  |2 stusub 
650 7 |a elektrický výboj  |2 stusub 
650 7 |a tlejivý výboj  |2 stusub 
700 1 |a Kočiš, Štefan  |4 ths 
996 |b 284ED00810  |c E*KDIZ-631  |l EE01  |s A  |a 24  |w stu4305_0001